| 000 | 00440 a2200145 4500 | ||
|---|---|---|---|
| 020 | _a0140622829 | ||
| 040 |
_aDLC _bDLC |
||
| 082 | _a 823.8 | ||
| 100 | _aDumas, Alexandre | ||
| 245 |
_aThe man in the iron mask _cAlexandre Dumas, |
||
| 260 |
_aNew York: _bPenhuin Books, _c1998. |
||
| 300 |
_a485 p. ; _c21 cm. |
||
| 650 | _a1.Man in the Iron Mask --Fiction. 2.France --History --Louis XIV, 1643-1715 --Fiction. | ||
| 942 |
_cBK _k823.8 DUM _2ddc |
||
| 999 |
_c5265 _d5265 |
||